00282nam a2200121Ia 4500008004100000082001800041100002000059245001700079250000800096260002800104300001100132650001700143150201s2007 xx 000 0 und d a612.015bB07B aBERG, JEREMY M. aBIOCHEMISTRY a6TH bFREEMANaNEW YORKc2007 a1-1022 aBIOCHEMISTRY